[Event "World Cup"]
[Site "Barcelona"]
[Date "1989.03.??"]
[Round "13"]
[White "Vaganian, Rafael A"]
[Black "Kasparov, Garry"]
[Result "1/2-1/2"]
[WhiteElo "2600"]
[BlackElo "2775"]
[Annotator "Bulletin"]
[PlyCount "86"]
[EventDate "1989.03.??"]
[EventType "tourn"]
[EventRounds "17"]
[EventCountry "ESP"]
[EventCategory "15"]
[SourceTitle "CBM 012"]
[Source "ChessBase"]
[SourceDate "1989.10.01"]
[SourceVersion "1"]
[SourceVersionDate "1989.10.01"]
[SourceQuality "1"]

1. Nf3 Nf6 2. c4 g6 3. g3 Bg7 4. Bg2 O-O 5. Nc3 d5 6. cxd5 Nxd5 7. O-O Nc6 8.
d4 Nb6 9. e3 e5 10. d5 Na5 11. e4 c6 12. Bg5 f6 13. Be3 cxd5 14. exd5 Bg4 (
14... Rf7 15. Bc5 f5 16. Nd2 e4 17. Nb3 Nac4 18. Qe2 Ne5 19. Rad1 Nbc4 20. Nd4
b6 {Gligoric,S-Gavrikov,V/Moscow GMA-op/1989/remis/}) 15. Bc5 Rf7 16. b3 f5 17.
Bb4 Nac4 {'!?' Bulletin.} (17... Nc8 18. Qe1 $1 Bxf3 19. Bxf3 Nd6 20. Be2 b6
21. Ba6 Nab7 22. Rc1 h5 23. Qe2 h4 24. Rfd1 Kh7 25. Bxb7 Rxb7 26. Bxd6 Qxd6 27.
Nb5 Qd8 28. d6 Rd7 29. Nc7 Rb8 30. Ne6 $16 {Vaganian,R-Thorsteins,K/Copenhagen
op/1988/1-0/}) 18. bxc4 e4 19. Rc1 Qd7 (19... Nxc4 20. Nxe4 fxe4 21. Rxc4 Bxf3
$13) (19... exf3 20. Bxf3 Bxf3 21. Qxf3 Nxc4 22. Ne2 $14 Ne5 23. Qb3 a5 24. Bc3
a4 25. Qb5) 20. Nb1 {'!' Bulletin.} exf3 21. Bxf3 Bxf3 22. Qxf3 f4 23. g4 Qa4
24. Qb3 (24. Bc3 Bxc3 25. Nxc3 Qxc4 $15) 24... Qd7 {'?' Bulletin.} (24... f3 $1
) 25. f3 h5 26. h3 Re8 27. Qd3 (27. Bc5 $1 Qc7 28. Bf2 Re3 29. Qd1 $1 $14 (29.
Bxe3 $2 fxe3 30. Kg2 Qf4 31. Rce1 Be5)) 27... hxg4 28. hxg4 Re3 29. Qxg6 Rf6
30. Qg5 Qf7 31. Bc3 Rg6 32. Qd8+ Re8 33. Qh4 Bxc3 34. Rxc3 Qg7 35. Re1 Qd4+ 36.
Kg2 Rxe1 37. Qxe1 Nxc4 38. Qe8+ Kg7 39. Qe7+ Kh6 40. Qh4+ Kg7 41. Qe7+ Kh6 42.
Qf8+ Kh7 43. Qf7+ Kh6 1/2-1/2

[Event "EU-chT (Men) 15th"]
[Site "Gothenburg"]
[Date "2005.07.31"]
[Round "2.4"]
[White "Janjgava, Lasha"]
[Black "Sakalauskas, Vaidas"]
[Result "1-0"]
[WhiteElo "2472"]
[BlackElo "2473"]
[Annotator "CB"]
[PlyCount "65"]
[EventDate "2005.07.30"]
[EventType "team-swiss"]
[EventRounds "9"]
[EventCountry "SWE"]
[SourceTitle "CBM 109"]
[Source "ChessBase"]
[SourceDate "2005.11.14"]
[SourceVersion "1"]
[SourceVersionDate "2005.11.14"]
[SourceQuality "1"]
[WhiteTeam "Georgia"]
[BlackTeam "Lithuania"]
[WhiteTeamCountry "GEO"]
[BlackTeamCountry "LTU"]

1. d4 Nf6 2. Nf3 g6 3. c4 Bg7 4. g3 O-O 5. Bg2 d5 6. cxd5 Nxd5 7. O-O Nb6 8.
Nc3 Nc6 9. e3 e5 10. d5 Na5 11. e4 c6 12. Bg5 f6 13. Be3 cxd5 14. Bxb6 Qxb6 15.
Nxd5 Qd8 16. Rc1 Nc6 17. Qb3 Rf7 18. Rfd1 Be6 19. h4 Kh8 20. Kh2 Rd7 21. Bh3
Bxh3 22. Kxh3 Ne7 $2 23. Nxf6 $3 {A wonderful combination.} Bxf6 (23... Rxd1
24. Rxd1 Qc8+ 25. Nd7 $1 {also wins for White.}) 24. Qe6 Rxd1 25. Qxf6+ Kg8 26.
Qe6+ Kg7 (26... Kh8 27. Ng5 $1 {changes nothing.}) 27. Ng5 (27. Qxe5+ {also
works.}) 27... Qd7 28. Rxd1 Qxe6+ 29. Nxe6+ Kf6 30. Nc7 Rc8 31. Rd6+ Kf7 32.
Rd7 Kf6 33. g4 {On top of everything, White now wins a piece.} 1-0

[Event "CHN-RUS Summit Men 7th"]
[Site "Ningbo"]
[Date "2010.08.05"]
[Round "1"]
[White "Potkin, Vladimir"]
[Black "Wang, Yue"]
[Result "0-1"]
[WhiteElo "2626"]
[BlackElo "2716"]
[Annotator "CB"]
[PlyCount "124"]
[EventDate "2010.08.05"]
[EventType "schev"]
[EventRounds "5"]
[EventCountry "CHN"]
[SourceTitle "CBM 138"]
[Source "ChessBase"]
[SourceDate "2010.09.17"]
[SourceVersion "1"]
[SourceVersionDate "2010.09.17"]
[SourceQuality "1"]

1. d4 Nf6 2. c4 g6 3. Nc3 d5 4. cxd5 Nxd5 5. g3 Bg7 6. Bg2 Nb6 7. Nf3 Nc6 8. e3
O-O 9. O-O Re8 10. Re1 a5 11. Qe2 e5 12. Nxe5 Nxe5 13. dxe5 Bxe5 14. f4 Bxc3
15. bxc3 Bf5 16. Bxb7 Rb8 17. Bg2 Bd3 18. Qf2 Be4 19. Bf1 Qe7 20. a4 Qe6 21.
Bb5 Red8 22. Qa2 Bd5 23. Qc2 c6 24. Bf1 Be4 25. Qa2 Qg4 26. Qf2 Qe6 27. Qa2 Qg4
28. Qf2 Nd5 29. Bb2 Rd7 30. h3 Qf3 31. Qxf3 Bxf3 32. Ba3 Nxc3 33. e4 Nxe4 34.
Re3 Nd2 35. Ba6 f5 36. Kf2 Bd5 37. Be2 Ne4+ 38. Ke1 Rdb7 39. Bd3 Rb3 40. Ke2
Re8 41. Ke1 c5 42. Bc1 c4 43. Bxe4 Rxe4 44. Rxe4 Bxe4 45. Ra3 Rb1 46. Kd2 Kf7
47. Re3 Ke6 48. Ba3 Kd5 49. Be7 Rb2+ 50. Kc1 Ra2 51. Ra3 Rxa3 52. Bxa3 c3 53.
Be7 Kc4 54. h4 Kb3 55. Bf6 c2 56. Bd8 Kxa4 57. Kd2 Kb4 58. Bc7 a4 59. Be5 Kb3
60. Bf6 a3 {#White is helpless as he needs both pieces to cover the promotion
squares.} 61. Bg7 ({For example, if White played} 61. Kc1 {Black would just
bring his king around and capture the kingside pawns.} a2 62. Ba1 Kc4 63. Kd2
Kd5 64. Bb2 Bd3 65. Ba1 (65. Kxd3 $4 c1=Q 66. Bxc1 a1=Q) 65... Ke4 66. Bb2 Kf3
{etc.}) 61... a2 62. Bh8 a1=Q ({White resigned after} 62... a1=Q {because of}
63. Bxa1 Ka2 64. Be5 Kb1 $18) 0-1

[Event "Olympiad-39"]
[Site "Khanty-Mansiysk"]
[Date "2010.09.30"]
[Round "9.1"]
[White "Leitao, Rafael Duailibe"]
[Black "Caruana, Fabiano"]
[Result "0-1"]
[WhiteElo "2624"]
[BlackElo "2700"]
[Annotator "Caruana,F"]
[PlyCount "48"]
[EventDate "2010.09.21"]
[EventType "team-swiss"]
[EventRounds "11"]
[EventCountry "RUS"]
[SourceTitle "CBM 139"]
[Source "ChessBase"]
[SourceDate "2010.11.18"]
[SourceVersion "1"]
[SourceVersionDate "2010.11.18"]
[SourceQuality "1"]
[WhiteTeam "Brazil"]
[BlackTeam "Italy"]
[WhiteTeamCountry "BRA"]
[BlackTeamCountry "ITA"]

1. d4 Nf6 2. c4 g6 3. Nf3 Bg7 4. g3 d5 5. cxd5 Nxd5 6. Bg2 Nb6 7. Nc3 Nc6 8. e3
O-O 9. O-O Re8 10. Re1 a5 {This variation of the Grünfeld was very popular
during the Olympiad. This position alone was played over 10 times during the
course of the tournament! Anyway, the idea behind 10...a5 is clear: Black
wants to gain space on the queenside and achieve ...e5 under better
circumstances.} ({White has recently shown good results after} 10... e5 11. d5
Na5 12. e4 c6 13. b3) 11. Qe2 {My opponent goes straight for the main line.} ({
Also possible is} 11. Qc2 $5 {, which led to an advantage for White in the
following game and may become more popular in the future.} Bf5 12. e4 Bg4 13.
d5 Nb4 14. Qb1 e6 15. a3 Na6 16. dxe6 Bxe6 17. Bg5 Qc8 18. Qc2 Nc5 19. Nd5 Bxd5
20. exd5 Na6 21. Rxe8+ Qxe8 22. d6 Qd7 23. dxc7 Qxc7 24. Rc1 Qxc2 25. Rxc2 Rc8
26. Rxc8+ Nxc8 27. Nd2 Nc5 28. b4 axb4 29. axb4 Ne6 30. Be3 Bc3 31. b5 Bxd2 32.
Bxd2 Nd6 33. Bb4 Nxb5 34. Bxb7 Nbd4 35. Kg2 h5 36. Be4 Kg7 37. Bc3 Kg8 38. f3
Kh7 39. Kf2 Nf5 40. Bf6 Kg8 41. Ke2 Kh7 42. Be5 Kg8 43. Kd2 Ng5 44. Bd5 Ne7 45.
Bb7 Ne6 46. Be4 Nf5 47. Kc3 Ne3 48. Kd3 Nf5 49. Bc6 Nc5+ 50. Kc4 Ne6 51. Bf6
Kf8 52. Kd3 Nc5+ 53. Ke2 Ne6 54. Kf2 Kg8 55. h3 Kf8 56. g4 hxg4 57. fxg4 Ne7
58. Be4 Ng8 59. Bb2 g5 60. Kf3 Ke7 61. Ba3+ Kf6 62. Bb1 Nh6 63. Bb2+ Ke7 64.
Ba3+ Kf6 65. Bc1 Kg7 66. Ke4 f6 67. Ba2 Nf4 68. Bxf4 gxf4 69. Kxf4 Kg6 70. Be6
Kg7 71. Bc4 Kg6 72. Bb5 Kg7 73. Be8 Kf8 74. Bh5 Kg7 75. Ke3 Ng8 76. Kd4 f5 77.
g5 Nf6 78. Ke5 Nxh5 79. Kxf5 Ng3+ 80. Kg4 {1/2-1/2 Rombaldoni,D (2501)-Li Chao
(2633)/Khanty-Mansiysk RUS 2010/The Week in Chess 830}) 11... Be6 12. Rd1 (12.
Nd2 {is another interesting alternative.}) 12... Bc4 13. Qc2 Nb4 14. Qb1 e5 $1
{This is the move I had prepared before the game. It had been played only two
days before this game, but every day I would go through all the games in the
tournament, so I didn't miss any theoretically important games! And it served
me well, as I had a chance to use this move, while my opponent probably wasn't
aware of its existence.} ({A long time ago I had analysed} 14... a4 15. e4 Qd7
16. Be3 Red8 17. Qc1 $1 {, and White slowly unravels, with an advantage.}) 15.
a3 {Only this is a new move. Previously 15.b3 had been played.} (15. b3 exd4 $1
{is the main point behind 14...e5.} 16. bxc4 (16. exd4 Be6 17. Bf4 Bf5 18. Qb2
Nd3 19. Qd2 Nxf4 20. Qxf4 a4 {gave Black a clear advantage in McNab-Djukic,
Khanty Mansiysk 2010.}) (16. Nxd4 Bd3 17. Rxd3 (17. Qb2 c5 18. Nde2 Qf6 $19)
17... Nxd3 18. Qxd3 c5 $17) 16... dxc3 17. Rxd8 Raxd8 18. Nd4 Rxd4 $1 {Another
really great move, sacrificing even more material to keep the bishop alive!} ({
Not} 18... Bxd4 $2 19. exd4 Re1+ 20. Bf1 Rxd4 $2 ({Black still has a draw after
} 20... Nxc4 21. Qb3 Nd2 22. Bxd2 cxd2 23. Rd1 Rxd1 (23... Rxd4 $2 24. Qb2 $1)
24. Qxd1 Rxd4 25. Be2 Nxa2 26. Qc2 Nb4 27. Qxc7 d1=Q+ 28. Bxd1 Rxd1+ 29. Kg2
Rd5 $11) 21. Qb3 Rdd1 22. Bh6 Rxf1+ 23. Kg2 Rxa1 24. Qxc3 $18) 19. exd4 Re1+
20. Bf1 Bxd4 {White is up a queen for just a knight, but Black coordinates so
well, that White will have to fight for a draw!} 21. Qb3 (21. Bh6 Rxb1 22. Rxb1
Bg7 23. Bxg7 Kxg7 {Black has an advantage in this endgame, but it may not be
enough to win.}) 21... c2 22. a3 Bxa1 23. Bh6 Bg7 24. axb4 Bxh6 25. Qxc2 axb4
26. c5 Nd5 {, and Black is better because of the passed b-pawn.}) ({White has
a decent alternative in} 15. Nxe5 Bxe5 16. b3 $1 (16. dxe5 Qxd1+ 17. Nxd1 Bd3
$17) (16. a3 Bb3 17. Rd2 Nc4 $17) 16... Bd3 ({Now the queen sacrifice doesn't
work as well:} 16... Bxd4 $2 17. bxc4 Bxc3 18. Rxd8 Raxd8 19. Bb2 Bxb2 20. Qxb2
Nxc4 21. Qc3 b5 22. Bf1 $16) 17. Rxd3 Nxd3 18. Qxd3 {White has compensation
for the exchange, which is probably enough to hold the balance, but not for an
advantage.} c5 {This is the active approach, enterprising but riskier than 18..
.c6.} (18... c6 19. Ne4 Bg7 20. Ba3 Bf8 {is safer for Black.}) 19. Nb5 Qd7 20.
a4 (20. Ba3 cxd4 21. exd4 Rad8 22. Rd1 Nc8 23. Bf3 Bb8 {, and Black will
blockade the d-pawn, with an unclear position.}) 20... Bg7 21. Bd2 Red8 ({
Also possible is} 21... cxd4 22. exd4 (22. e4 {is now met by} Qd8 $1 23. f4 Nd7
{, with ...Nc5 to come.} 24. e5 Nc5 25. Qc4 Bf8 $15) 22... Nd5 {, but after}
23. Qf3 Red8 24. Bg5 ({Or} 24. Re1) 24... f6 25. Bd2 {, this looks slightly
better for White.}) 22. Re1 (22. Bc3 cxd4 23. exd4 Nd5 24. Bxd5 Qxd5 25. Nc7
Qxb3 26. Nxa8 Rxa8 {is at least not worse for Black.}) (22. f4 {is still too
early:} cxd4 23. e4 Qe7 24. e5 Nd5) 22... h5 {Waiting for Bc3 before taking on
d4.} 23. f4 $1 {This is the only testing move.} (23. Bc3 cxd4 24. exd4 Nd5 25.
Bd2 (25. Bxd5 Qxd5 26. Nc7 Qxb3 27. Nxa8 Rxa8) 25... Nb4 26. Bxb4 axb4 27. d5
Bf8 {, with an unclear position.} 28. d6 Bxd6 29. Rd1 Ra6 {is ok for Black.})
23... cxd4 ({Black can also try} 23... h4 $5 24. gxh4 cxd4 25. e4 Qg4) 24. e4
Qe7 25. e5 Nd5 (25... Nd7 26. Nd6 Nc5 27. Qc4 Rxd6 28. exd6 Qxd6 29. Bd5 {
, with an initiative.}) 26. Nd6 Rxd6 27. exd6 Qxd6 28. f5 gxf5 29. Qxf5 Ne3 30.
Qxh5 Nxg2 31. Kxg2 Qc6+ {, with unclear play.}) 15... exd4 16. axb4 (16. exd4
$6 N4d5 $15 {is hardly what White wants.}) (16. Nxd4 Bd3 17. Rxd3 Nxd3 18. Qxd3
c5 $17) 16... dxc3 (16... axb4 {is far too risky for Black:} 17. Rxa8 Qxa8 18.
Ne4 Qa4 19. b3 $1 (19. Re1 Ba2 20. Qd3 Bc4 $11) 19... Qxb3 20. Bb2 dxe3 $2 {
This is a mistake, while Black has two moves (20...Qa2 and especially 20...Be2)
which may be sufficient for a draw, but this only becomes clear after a long
analysis. Practically speaking, Black should not go for these variations when
he has an adequate alternative in 16...dxc3.} 21. Bxg7 Rxe4 ({Or} 21... exf2+
22. Kxf2 Kxg7 23. Qa1+ Kh6 24. Nfd2 Qa2 25. Qd4 $40 {, with a strong attack.})
22. Rd8+ Kxg7 23. Qxe4 e2 24. Qd4+ (24. Qe5+ Kh6 {is surprisingly not so clear!
}) 24... f6 25. Ne1 Qb1 26. Qd2 b3 27. h4 $1 ({Not} 27. Qb4 $2 c5) 27... b2 28.
Qb4 c5 29. Qxc5 Qxe1+ 30. Kh2 {, and although Black can potentially make two
more queens, he will be mated.}) 17. Rxd8 Raxd8 18. Qc2 $6 {Natural, but it
leads to difficulties for White. White could have made a draw with 18.bxc3.} (
18. bxc3 Rd1+ 19. Bf1 {I'm not sure if my opponent considered this. At first
sight it looks extremely dangerous for White, but Black has no advantage.} Bxf1
(19... Bxc3 20. Rxa5 {changes nothing:} Bxf1 21. Qc2 Be2+ ({Again:} 21... Red8
22. Nd4) 22. Kg2 Bf1+ $11) 20. Qc2 {And here Black has nothing better than to
take the draw.} Be2+ ({Because} 20... Red8 {is met by} 21. Nd4) 21. Kg2 Bf1+
$11) 18... axb4 {An incredible position! Black has only a rook for the queen,
but he coordinates so well that White has to return material to avoid losing
immediately!} 19. Nd2 {There was nothing else.} (19. bxc3 $2 b3 20. Qb2 Rd1+
$19 {is the end.}) 19... cxd2 ({Black should avoid} 19... b3 $6 20. Nxb3 Bd3
21. Qd1 cxb2 22. Bxb2 Bxb2 23. Ra7) ({There was a decent alternative in} 19...
Bd3 $5 20. Qb3 cxd2 21. Bxd2 c5 22. Bxb7 Re7 23. Bf3 Nc4 24. Bc1 Red7 {, with
very good compensation. However, my continuation is even more convincing.}) 20.
Bxd2 Ra8 $1 {A very good move, taking over the a-file and the initiative.
Other moves would leave White with the advantage.} 21. Rxa8 {Probably best.} (
21. Rc1 $2 Ra2 {wins the b-pawn.}) (21. Rb1 b3 22. Qd1 {Here I like the patient
} c6 $1 {, with advantage for Black.} (22... Bd3 23. Rc1 Bxb2 24. Qxb3 Bxc1 25.
Bxc1 {is much more complicated, because Black's king is very weak (which will
become clear after Bb2 and Qc3).})) (21. Qc1 Rxa1 22. Qxa1 Ra8 23. Qb1 Ra2 24.
Bc1 {is obviously too passive to be good:} b3 25. Bxb7 (25. Bf1 Be6 26. Qd3 h5
27. Qd8+ Kh7 28. Qxc7 Ra1 $1 $19 {, and the b2-pawn will inevitably fall,
leaving White with a lost position.}) 25... Nd7 $1 {A nice move. The knight is
going to c5.} (25... Be6 {is less convincing:} 26. e4 Nc4 27. Bd5 Bxd5 28. exd5
Bxb2 29. Bxb2 Rxb2 30. Qd3 $11) 26. Qe4 (26. Be4 Nc5) 26... Be6 27. Kg2 Bxb2
28. Bxb2 Rxb2 {, and Black's queenside pawns are very strong.}) 21... Rxa8 22.
Bxb7 $2 {The decisive mistake. The position was still far from clear after 22.
h4!.} ({Of course White should not play} 22. h3 $6 {, since in many variations
he will need to play h4-h5.}) (22. h4 $1 {was the last chance, promising White,
if not equality, then at least complicated play.} {I would probably have
played the safe} Ra2 (22... Ra1+ {is principled but risky. After} 23. Kh2 b3
24. Qe4 Bxb2 {, Black has won an important pawn, but White's pieces are very
active and Black's king is vulnerable. Practically speaking I think Black
should play 22...Ra2. Just out of interest, the main line is} 25. Qe8+ Kg7 26.
h5 {, when Black has many possible moves, in all cases with extremely
complicated play.}) 23. Bc1 b3 24. Qd2 (24. Qd1 Ra1 25. Kh2 h5 $1 {This is
always a nice move. Black has plenty of time, so securing the kingside is
priority number one.} 26. e4 Na4 27. Qd2 Nc5 {, and White is still far from
achieving a draw.}) 24... h5 {I always like this move, but here White can
still open up the kingside with g4. Perhaps other moves should be investigated.
} (24... Bf6 $5 {is a possible alternative.}) 25. g4 $1 {Opening lines. Other
moves promise Black an advantage.} (25. Qd8+ $2 Kh7 26. Qxc7 Ra1 27. Qxb6 Rxc1+
28. Kh2 Bxb2) (25. e4 Na4) (25. Bxb7 Be6 $44) 25... hxg4 26. h5 {, with a
complicated position, but White should have enough counterplay to make a draw.}
) 22... Ra1+ {Now it's over. I suppose my opponent's initial intention was to
play 23.Kg2, but then he noticed the refutation.} 23. Bc1 (23. Kg2 Bf1+ 24. Kf3
Nc4 $1 {is the only way to win, but convincing enough!} 25. Bxb4 (25. b3 Bd3
$19) 25... Ne5+ 26. Kf4 Rc1 ({I was calculating the less convincing} 26... Nd3+
27. Kf3 Nxb4 28. Qxc7 {, although Black should still win this position.}) 27.
Qa4 Rc4+ 28. e4 Nd3+ 29. Kf3 Nxb4 $19) 23... b3 24. Qd1 $2 {A strange blunder,
but it didn't matter anymore.} (24. Qd2 Be6 {, and White cannot save his
bishop.} 25. Kg2 (25. Qd8+ Bf8 26. Qxc7 Nc4 $19) 25... Nc4 26. Qd1 (26. Qd8+
Bf8 27. Qd1 Nxb2 $19) 26... Nd6 $19 {For some reason I missed this simple move
during the game, and was calculating the more complicated 26...Bf6.} (26... Bf6
{also wins:} 27. e4 Nxb2 28. Qd2 Nc4 $19)) 24... Bxb2 {I took only five
minutes for the entire game!} 0-1

[Event "POL-chT 51st"]
[Site "Lubniewice"]
[Date "1995.??.??"]
[Round "9"]
[White "Schmidt, Wlodzimierz"]
[Black "Jasnikowski, Zbigniew"]
[Result "1-0"]
[WhiteElo "2450"]
[BlackElo "2425"]
[Annotator "Chekhov,V"]
[PlyCount "77"]
[EventDate "1995.09.14"]
[EventType "team-tourn"]
[EventRounds "11"]
[EventCountry "POL"]
[SourceTitle "EXT 1997"]
[Source "ChessBase"]
[SourceDate "1996.11.15"]
[SourceVersion "1"]
[SourceVersionDate "1996.11.15"]
[SourceQuality "1"]
[WhiteTeam "Poznan Pocztowiec"]
[BlackTeam "Wroclaw Hetman"]
[WhiteTeamCountry "POL"]
[BlackTeamCountry "POL"]

1. Nf3 Nf6 2. c4 g6 3. d4 Bg7 4. g3 d5 5. cxd5 Nxd5 6. Bg2 Nb6 7. Nc3 Nc6 8. e3
O-O 9. O-O e5 10. d5 Na5 11. e4 c6 12. Bg5 f6 13. Be3 cxd5 14. Bxb6 Qxb6 15.
Nxd5 Qd8 16. Rc1 Nc6 17. b4 (17. Qb3 $5 Rf7 18. Rfd1 Be6 19. h4 Bh6 20. Rc3 Kh8
21. Kh2 Qe8 22. Bh3 Bxh3 23. Kxh3 Qe6+ 24. Kg2 Re8 25. Qc2 $14 {Hansen,
C-Korchnoi,V/Biel/1992/0,5/66/}) 17... a6 $6 (17... Bg4 $1 18. Qb3 Bxf3 $1 (
18... Kh8 19. b5 Bxf3 20. bxc6 bxc6 21. Rxc6 Bxg2 22. Kxg2 $14 {Jasnikowski,
Z-Wegener,D/Cuxhaven/1993/0,5/49/}) 19. Ne7+ Kh8 20. Nxc6 bxc6 21. Bxf3 Qb6 22.
Qc3 a5 $10 {Teske,H-Tolnai,T/Voronezh/1987/0,5/25/}) 18. a4 $1 (18. Qb3 $5 Kh8
19. Qe3 f5 20. Nb6 Rb8 21. Rfd1 Qe7 22. Nxc8 Rbxc8 23. a3 Rce8 24. Rd5 Nd4 25.
exf5 $14 {Hulak,K-Popovic,D/Zlotibor/1989/1|0/41/}) 18... f5 (18... Be6 19. b5
axb5 20. axb5 Bxd5 21. exd5 Ne7 22. d6 Nf5 23. Qd5+ Kh8 24. Rfd1 Qb6 25. Bh3
Nh6 26. Rc7 $16 {Csom,I-Djuric,S/Jarvenpaa/1985/1|0/43/}) (18... Bg4 19. Qb3
Bxf3 20. Ne7+ Kh8 21. Nxc6 bxc6 22. Bxf3 Qb6 23. a5 $14) 19. exf5 gxf5 {/N/} (
19... e4 20. f6 Bh6 21. Rxc6 exf3 22. Rd6 fxg2 23. Kxg2 (23. Re1 $1 Qxd6 24.
Ne7+ Qxe7 25. fxe7 Re8 26. g4 $16) 23... Qxd6 24. Ne7+ Qxe7 25. fxe7 Re8 26.
Qd5+ Kh8 27. g4 Bxg4 28. Qd4+ Bg7 29. Qxg4 Rxe7 30. Rd1 $16 {Cvitan,O-Gavrikov,
V/Switzerland/1994/0,5/66/}) 20. b5 axb5 21. axb5 Ne7 22. Ng5 e4 (22... h6 23.
Nc7 Qxd1 24. Rfxd1 Ra5 25. Nge6 Bxe6 26. Nxe6 Re8 27. Rd7 $18) 23. Qh5 (23. Nc7
Qxd1 24. Rfxd1 Rb8 25. Nge6 Bxe6 26. Nxe6 Rfc8 27. Rxc8+ Rxc8 28. Rd7 Rc1+ 29.
Bf1 Bf6 30. Rxb7 Nd5 $44) 23... h6 24. Nc7 Ra3 (24... Ra4 $2 25. Rfd1 Rd4 26.
Nge6 Bxe6 27. Nxe6 Rxd1+ 28. Rxd1 Qe8 29. Qxe8 Rxe8 30. Rd7 $16) 25. Rfd1 (25.
Nge6 Bxe6 26. Nxe6 Qe8 27. Qxe8 Rxe8 28. Rc7 b6) 25... Rd3 26. Nge6 Bxe6 27.
Nxe6 Qe8 28. Qe2 Rf6 (28... Rxd1+ 29. Rxd1 Rf6 30. Rd8 $18) 29. Nxg7 (29. Rxd3
$5 exd3 30. Nxg7 Qd8 (30... Qd7 $4 31. Nh5 $1) 31. Qe5 (31. Qe3 $5 Kxg7 32. Rd1
Rd6 33. Bxb7 $16) 31... d2 32. Rd1 Kxg7 33. Bxb7 Kf7 34. Qe3 Rd6 35. Bf3 $16)
29... Rxd1+ 30. Qxd1 Kxg7 31. Rc7 b6 32. Qd4 Kg6 (32... Kf7 33. Bf1 $40) 33.
Bf1 (33. Qe5 $5 Kf7 34. Bf1 $18) 33... Ng8 34. Bc4 h5 35. Rb7 $18 h4 36. Kg2 (
36. Bxg8 $5 Qxg8 37. Rxb6 Rxb6 38. Qxb6+ Kh5 39. Qf6 $18) 36... f4 37. Bxg8 f3+
38. Kg1 Qxg8 39. Qxe4+ 1-0